El adolescente: sexualidad, vida y crecimiento

Guardat en:
Dades bibliogràfiques
Autor principal: Comfort, Alexander (Autor)
Format: Llibre
Idioma:espanyol
Publicat: Barcelona Blume 1980
Matèries:
Etiquetes: Afegir etiqueta
Sense etiquetes, Sigues el primer a etiquetar aquest registre!

MARC

LEADER 00000nam a2200000 a 4500
001 UCY6112
003 CL-VaPUC
008 950521e19800000SP |||||||||||||||||spa|d
082 0 4 |a 155.5  |b COM  |2 21 
100 0 |a Comfort, Alexander  |e author  |9 335800 
245 1 3 |a El adolescente: sexualidad, vida y crecimiento 
300 |a 125 p 
942 |c BK 
945 |d 19950521 00:00:00  |a mfernand 
260 |a Barcelona  |b Blume  |c 1980 
650 0 |a Psicología del adolescente   |9 307864 
650 0 |a Adolescencia  |9 307361 
650 0 |a Comportamiento sexual  |9 334955 
650 0 |a Sexo  |9 257818 
650 7 |a CRECIMIENTO  |2 CL-VaPUC  |9 335801 
650 0 |a Psicología del desarrollo  |9 307541 
650 0 |a Educación sexual  |9 308005 
650 0 |a Pubertad   |9 335756 
650 7 |a MENSTRUACION  |2 CL-VaPUC  |9 335757 
650 7 |a MASTURBACION  |2 CL-VaPUC  |9 320728 
650 0 |a Anticoncepción  |9 324755 
650 0 |a Homosexualidad  |9 255614 
650 0 |a Ética  |9 255099 
650 7 |a MATRIMONIO  |2 CL-VaPUC  |9 335802 
650 0 |a Alcoholismo  |9 259651 
650 7 |a TOXICOMANIA  |2 CL-VaPUC  |9 307600 
650 0 |a Drogas  |9 254877 
650 7 |a PORNOGRAFIA  |2 CL-VaPUC  |9 255611 
650 0 |a Delitos sexuales  |9 256093 
583 |a last modification  |c 19950521 00:00:00  |k Rodrigo Vera 
999 |c 233695  |d 233693 
952 |0 0  |1 0  |4 0  |6 155_500000000000000_COM_1980  |7 0  |8 P  |9 239383  |a BIBEDU  |b BIBEDU  |c BIBEDU_PB  |d 2019-11-18  |i 1508326  |o 155.5 COM 1980  |p 1508326  |r 2024-01-25  |w 2019-11-18  |y BK  |k EDU 
952 |0 0  |1 0  |4 0  |6 155_500000000000000_COM_1980  |7 0  |8 P  |9 239384  |a BIBEDU  |b BIBEDU  |c BIBEDU_PB  |d 2019-11-18  |i 1508334  |o 155.5 COM 1980  |p 1508334  |r 2024-01-25  |w 2019-11-18  |y BK  |k EDU